Pulse Discharge in Dielectrics and Its Technological Applications; 13 International symposium on high current electronics
| Parent link: | 13 International symposium on high current electronics.— 2004.— [P. 1-5] |
|---|---|
| المؤلف الرئيسي: | |
| الملخص: | Title from the title-page. It is described physical base of electrical discharge technologies for dielectric material treatment, synthesis a new and decomposition of chemical combination, fragmentation, drilling and cutting solid material. It is formulated computer model which simulates channel propagation in liquid and solid media and allows to choice pulse generator parameters. Technology applications of spark in liquids and solids are illustrated. Режим доступа: из корпоративной сети ТПУ Text files |
| اللغة: | الإنجليزية |
| منشور في: |
2004
|
| الموضوعات: | |
| الوصول للمادة أونلاين: | http://www.lib.tpu.ru/fulltext2/c/2004/C13/031.pdf |
| التنسيق: | MixedMaterials الكتروني فصل الكتاب |
| KOHA link: | https://koha.lib.tpu.ru/cgi-bin/koha/opac-detail.pl?biblionumber=231952 |
MARC
| LEADER | 00000nla2a2200000 4500 | ||
|---|---|---|---|
| 001 | 231952 | ||
| 005 | 20231031202957.0 | ||
| 035 | |a (RuTPU)RU\TPU\book\252982 | ||
| 035 | |a RU\TPU\book\252852 | ||
| 090 | |a 231952 | ||
| 100 | |a 20130207d2004 k y0engy50 ba | ||
| 101 | 0 | |a eng | |
| 102 | |a RU | ||
| 105 | |a y z 100zy | ||
| 135 | |a drnn ---uucaa | ||
| 200 | 1 | |a Pulse Discharge in Dielectrics and Its Technological Applications |b Electronic resource |f V. V. Lopatin | |
| 203 | |a Text |c electronic | ||
| 230 | |a Electronic text data (1 file : 2.6 Mb) | ||
| 300 | |a Title from the title-page. | ||
| 320 | |a [References: p. 5 (7 tit.)] | ||
| 330 | |a It is described physical base of electrical discharge technologies for dielectric material treatment, synthesis a new and decomposition of chemical combination, fragmentation, drilling and cutting solid material. It is formulated computer model which simulates channel propagation in liquid and solid media and allows to choice pulse generator parameters. Technology applications of spark in liquids and solids are illustrated. | ||
| 333 | |a Режим доступа: из корпоративной сети ТПУ | ||
| 336 | |a Text files | ||
| 337 | |a Adobe Reader | ||
| 463 | 1 | |0 (RuTPU)RU\TPU\book\75459 |t 13 International symposium on high current electronics |o Tomsk, Russia, 25-29 July 2004 |f edited by B. Kovalchuk, G. Remnev |v [P. 1-5] |d 2004 |p 1 Multimedia CD-ROM | |
| 610 | 1 | |a физика | |
| 610 | 1 | |a диэлектрики | |
| 610 | 1 | |a импульсные разряды | |
| 610 | 1 | |a технологическое применение | |
| 610 | 1 | |a труды учёных ТПУ | |
| 610 | 1 | |a электронный ресурс | |
| 700 | 1 | |a Lopatin |b V. V. |c Doctor of physical and mathematical sciences |c Professor of Tomsk Polytechnic University (TPU) |f 1947- |g Vladimir Vasilyevich |2 stltpush |3 (RuTPU)RU\TPU\pers\30091 | |
| 801 | 1 | |a RU |b 63413507 |c 20120118 | |
| 801 | 2 | |a RU |b 63413507 |c 20161229 |g RCR | |
| 856 | 4 | |u http://www.lib.tpu.ru/fulltext2/c/2004/C13/031.pdf | |
| 942 | |c CF | ||